<?xml version="1.0" encoding="UTF-8"?>
<collection xmlns="http://www.loc.gov/MARC21/slim">
    <record>
        <controlfield tag="001">64189</controlfield>
        <controlfield tag="005">20171221155213.0</controlfield>
        <datafield tag="037" ind1=" " ind2=" ">
            <subfield code="a">TAZ-TFG-2017-2876</subfield>
        </datafield>
        <datafield tag="041" ind1=" " ind2=" ">
            <subfield code="a">spa</subfield>
        </datafield>
        <datafield tag="100" ind1="1" ind2=" ">
            <subfield code="a">Redondo Velez de Mendizabal, Mikel</subfield>
        </datafield>
        <datafield tag="242" ind1="0" ind2="0">
            <subfield code="a">Design and integration of Campus Rio Ebro in Zaragoza through the practice of healthy exercise</subfield>
        </datafield>
        <datafield tag="245" ind1="0" ind2="0">
            <subfield code="a">Diseño e integración del Campus Río Ebro en Zaragoza mediante la práctica saludable de ejercicio</subfield>
        </datafield>
        <datafield tag="260" ind1=" " ind2=" ">
            <subfield code="a">Zaragoza</subfield>
            <subfield code="b">Universidad de Zaragoza</subfield>
            <subfield code="c">2017</subfield>
        </datafield>
        <datafield tag="506" ind1=" " ind2=" ">
            <subfield code="a">by-nc-sa</subfield>
            <subfield code="b">Creative Commons</subfield>
            <subfield code="c">3.0</subfield>
            <subfield code="u">http://creativecommons.org/licenses/by-nc-sa/3.0/</subfield>
        </datafield>
        <datafield tag="520" ind1=" " ind2=" ">
            <subfield code="a">El Campus Río Ebro, perteneciente a la Universidad de Zaragoza se encuentra situado en la periferia de la ciudad. Comunicado por dos paradas de tranvía y una línea de bus cuenta con 80 hectáreas divididas en diferentes edificios y zonas verdes.  A pesar de todo lo comentado, la asistencia universitaria es mínima. Por ello, el Subdirector de infraestructuras Enrique Cano decidió abordar este problema para atraer a los estudiantes y nuevos usuarios mediante la práctica saludable de ejercicio.  El proyecto se comenzó realizando una breve definición del problema que existía. Esto ayudaría a abordar en problema de raíz. Se continuó con una fase de investigación, donde se estudiaron diferentes entornos (universidades, centros de investigación, etc) para ver qué factores albergaban y poder implementarlos en esta universidad. Como uno de los objetivos era saber las necesidades de los usuarios principales, se hicieron entrevistas y estudios a los estudiantes universitarios. También se realizaron entrevistas a los vecinos de los barrios cercanos para atraer nuevos usuarios. Otro tema que se abordó, fue el análisis los edificios de la EINA y alrededores. Como consecuencia, se sacaron unas conclusiones y factores de diseño que ayudarían en las siguientes etapas del proyecto. A continuación, se observó que la creación de un nuevo espacio, tenía que venir motivado por una serie de actividades y que no tenían porque ser de índole deportivo. Por ello, se realizaron diferentes técnicas creativas, de donde salió un listado de ideas de posibles actividades. Todas estas, se desarrollaron explicando su gestión, recursos necesarios y nivel de riesgo. Como consecuencia, se analizaron los posibles entornos donde se podían realizar estas actividades. Se explicó el problema que presentan esas áreas hoy en día y una posible solución. Como resultado final, se observó que muchas actividades contenían recursos similares. Por ello, se desarrollaron dos nuevos entornos en la EINA.  Por un lado, un nuevo espacio polivalente al aire libre en la Plaza de las Ingenierías y alrededores del edificio Circe. Los diferentes usuarios pueden ir a practicar deporte o descansar en sus tiempos libres. También pueden apuntarse a las diferentes actividades dirigidas o las jornadas de interés cultural que se pueden organizar. Por otro lado, una nueva sala de trabajo en el salón de Actos del edificio Torres Quevedo. Una nueva área polivalente basándose en la idea de entornos coworking que cubren las necesidades de los estudiantes. En ella, se encuentra todo lo necesarios para realizar trabajos en grupo. Desde áreas de descanso con máquinas expendedoras, hasta equipamiento tecnológico de última generación. Los dos entornos cuentan con un desarrollo previo y sus respectivos análisis ergonómicos, de usuario, estéticos, presupuesto y mantenimiento para una total definición de ellos.</subfield>
        </datafield>
        <datafield tag="521" ind1=" " ind2=" ">
            <subfield code="a">Graduado en Ingeniería en Diseño Industrial y Desarrollo de Producto</subfield>
        </datafield>
        <datafield tag="540" ind1=" " ind2=" ">
            <subfield code="a">Derechos regulados por licencia Creative Commons</subfield>
        </datafield>
        <datafield tag="700" ind1=" " ind2=" ">
            <subfield code="a">Manchado Pérez, Eduardo José</subfield>
            <subfield code="e">dir.</subfield>
        </datafield>
        <datafield tag="710" ind1="2" ind2=" ">
            <subfield code="a">Universidad de Zaragoza</subfield>
            <subfield code="b">Ingeniería de Diseño y Fabricación</subfield>
            <subfield code="c">Expresión Gráfica de la Ingeniería</subfield>
        </datafield>
        <datafield tag="856" ind1="0" ind2=" ">
            <subfield code="f">685253@celes.unizar.es</subfield>
        </datafield>
        <datafield tag="856" ind1="4" ind2=" ">
            <subfield code="s">18694264</subfield>
            <subfield code="u">http://zaguan.unizar.es/record/64189/files/TAZ-TFG-2017-2876_ANE.pdf</subfield>
            <subfield code="y">Anexos (spa)</subfield>
        </datafield>
        <datafield tag="856" ind1="4" ind2=" ">
            <subfield code="s">3244319</subfield>
            <subfield code="u">http://zaguan.unizar.es/record/64189/files/TAZ-TFG-2017-2876.pdf</subfield>
            <subfield code="y">Memoria (spa)</subfield>
        </datafield>
        <datafield tag="909" ind1="C" ind2="O">
            <subfield code="o">oai:zaguan.unizar.es:64189</subfield>
            <subfield code="p">driver</subfield>
            <subfield code="p">trabajos-fin-grado</subfield>
        </datafield>
        <datafield tag="950" ind1=" " ind2=" ">
            <subfield code="a"></subfield>
        </datafield>
        <datafield tag="951" ind1=" " ind2=" ">
            <subfield code="a">deposita:2017-12-21</subfield>
        </datafield>
        <datafield tag="980" ind1=" " ind2=" ">
            <subfield code="a">TAZ</subfield>
            <subfield code="b">TFG</subfield>
            <subfield code="c">EINA</subfield>
        </datafield>
    </record>

    
</collection>